书目信息 |
| 题名: |
混凝土结构工程施工禁忌
|
|
| 作者: | 巩晓东 , 经东风 主编 | |
| 分册: | ||
| 出版信息: | 北京 中国建筑工业出版社 2011.07 |
|
| 页数: | 20, 260页 | |
| 开本: | 19cm | |
| 丛书名: | 施工禁忌系列丛书 | |
| 单 册: | ||
| 中图分类: | TU755 | |
| 科图分类: | ||
| 主题词: | 混凝土结构--hun ning tu jie gou--混凝土施工 | |
| 电子资源: | ||
| ISBN: | 978-7-112-13223-2 | |
| 000 | 00982nam 2200265 450 | |
| 001 | 0100004212 | |
| 005 | 20240409162303.25 | |
| 010 | @a978-7-112-13223-2@dCNY22.00 | |
| 100 | @a20110816d2011 em y0chiy50 ea | |
| 101 | 0 | @achi |
| 102 | @aCN@b110000 | |
| 105 | @aak a 000yy | |
| 200 | 1 | @a混凝土结构工程施工禁忌@Ahun ning tu jie gou gong cheng shi gong jin ji@f巩晓东, 经东风主编 |
| 210 | @a北京@c中国建筑工业出版社@d2011.07 | |
| 215 | @a20, 260页@c图@d19cm | |
| 225 | 2 | @a施工禁忌系列丛书@Ashi gong jin ji xi lie cong shu |
| 320 | @a有书目 (第260页) | |
| 330 | @a本书共分为六章,具体内容包括原材料、模板工程、钢筋工程、预应力工程、混凝土工程以及装配式结构工程。而且指出各项施工中的“禁忌”。 | |
| 410 | 0 | @12001 @a施工禁忌系列丛书 |
| 606 | 0 | @a混凝土结构@Ahun ning tu jie gou@x混凝土施工 |
| 690 | @aTU755@v4 | |
| 701 | 0 | @a巩晓东@Agong xiao dong@4主编 |
| 701 | 0 | @a经东风@Ajing dong feng@4主编 |
| 801 | 0 | @aCN@b河南城建学院图书馆@c20150822 |
| 905 | @dTU755@eG401 | |
| 混凝土结构工程施工禁忌/巩晓东, 经东风主编.-北京:中国建筑工业出版社,2011.07 |
| 20, 260页:图;19cm.-(施工禁忌系列丛书) |
| ISBN 978-7-112-13223-2:CNY22.00 |
| 本书共分为六章,具体内容包括原材料、模板工程、钢筋工程、预应力工程、混凝土工程以及装配式结构工程。而且指出各项施工中的“禁忌”。 |
| ● |
| 相关链接 |
|
|
|
正题名:混凝土结构工程施工禁忌
索取号:TU755/G401
 
预约/预借
| 序号 | 登录号 | 条形码 | 馆藏地/架位号 | 状态 | 备注 |
| 1 | 1175182 | 211751825 | 建筑库201/201建筑库 42排1列3层/ [索取号:TU755/G401] | 在馆 | |
| 2 | 1175183 | 211751834 | 建筑库201/201建筑库 42排1列3层/ [索取号:TU755/G401] | 在馆 | |
| 3 | 1175184 | 211751843 | 土木与交通工程学院资料室/101建筑库 66排7列2层/ [索取号:TU755/G401] | 在馆 | |
| 4 | 1307858 | 213078587 | 建筑库201/201建筑库 42排1列3层/ [索取号:TU755/G401] | 在馆 | |
| 5 | 1307859 | 213078596 | 建筑库201/201建筑库 42排1列3层/ [索取号:TU755/G401] | 在馆 | |
| 6 | 1307860 | 213078603 | 建筑库201/201建筑库 42排1列3层/ [索取号:TU755/G401] | 在馆 | |
| 7 | 1551113 | 215511131 | 建筑库201/201建筑库 42排1列3层/ [索取号:TU755/G401] | 在馆 | |
| 8 | 1551114 | 215511140 | 建筑库201/201建筑库 42排1列3层/ [索取号:TU755/G401] | 在馆 | |
| 9 | 1551115 | 215511159 | 建筑库201/201建筑库 42排1列3层/ [索取号:TU755/G401] | 在馆 |